000 00817nam a22002537a 4500
003 dpl
005 20180531134405.0
008 180531b xxu||||| |||| 00| 0 eng d
010 _aB-217132
020 _c795.00
_a8173413894
035 _aB-217132, B-217136
037 _bCen Lib/Ret
040 _aDPL
_bEN
_c0
082 _a364.36
_bVAD
100 _aVadackumchery, James
_9112532
245 _aJudiciary and juvenile justice /
_cby James Vadackumchery
260 _aDelhi
_bIndian Publishers
_c2005
270 _a156-D, Kamla Nagar
_bDelhi
_e110007
300 _axxv,378p.
_c21cm(Hb)
500 _aIncludes bibliographic references and index
650 _aJuvenile justice, Administration of
_915272
650 _aProblem youth--Rehabilitation
_915273
942 _2ddc
_cEN
_h364.36
_mVAD
999 _c125718
_d125718